000 00214nam a22000977a 4500
003 SGT
245 _aOBESTETRICS AND GYNECOLOGY CLINICS NORTH AMERICA
260 _bELSEVIER PUB
_c2021
310 _a4
942 _2ddc
_cLJ
999 _c22059
_d22059